000
00314nam a2200133Ia 4500
008
191201s2006 xx 000 0 und d
100
_a
Gowariker, V R
245
0
_a
Polymer Science
250
_a
1st Rev
260
_c
2006
_b
New Age International
_a
N.Delhi
300
_a
505
650
_a
TEXTILE
942
_2
ddc
_c
BB
999
_c
7190
_d
7190